Essentials of operations management / (Record no. 140967)

MARC details
000 -LEADER
fixed length control field 00570nam a22001937a 4500
005 - DATE AND TIME OF LATEST TRANSACTION
control field 20170609150331.0
010 ## - LCCN (DPL NO)
LC control number ENG-118604
020 ## - INTERNATIONAL STANDARD BOOK NUMBER
International Standard Book Number 9788120353053
Terms of availability 425.00
035 ## - SYSTEM CONTROL NUMBER
System control number EN-102136
037 ## - SOURCE OF ACQUISITION
Source of stock number/acquisition DABD/PUB
082 ## - DEWEY DECIMAL CLASSIFICATION NUMBER
Classification number 658.5
100 ## - MAIN ENTRY--PERSONAL NAME
Personal name Modi, Jamshed A.
245 ## - TITLE STATEMENT
Title Essentials of operations management /
Statement of responsibility, etc by Jamshed A. Modi
260 ## - PUBLICATION, DISTRIBUTION, ETC. (IMPRINT)
Place of publication, distribution, etc Delhi
Name of publisher, distributor, etc PHI Learning
Date of publication, distribution, etc 2017
270 ## - ADDRESS
Address 111, Patparganj Industrial Estate
City Delhi
Postal code 110092
300 ## - PHYSICAL DESCRIPTION
Extent xiii,382p.:
Dimensions 24cm(pbk)
Other physical details ill
500 ## - GENERAL NOTE
General note Includes index
942 ## - ADDED ENTRY ELEMENTS (KOHA)
Source of classification or shelving scheme Dewey Decimal Classification
Item type English Books
Classification part 658.5
Call number suffix MOD
Holdings
Withdrawn status Lost status Not for loan Collection code Home library Current library Date acquired Source of acquisition Cost, normal purchase price Full call number Barcode Copy number Cost, replacement price Koha item type
      Non-fiction Shahdara Branch Shahdara Branch 09/06/2017 DBAD/PUB 425.00 658.5 MOD EN-102136 1 425.00 English Books

© Delhi Public Library
Hit Counter
free hit counter